000 00659nam a2200229Ia 4500
003 OSt
005 20221006164708.0
006 a|||||r|||| 00| 0
007 ta
008 221006b |||||||| |||| 00| 0 hin d
024 _a5,297
037 _cTextual
040 _aFML
_cFML
_bhin
041 _2hin
_ahin
082 _aO152,1J34:g(Q2:4196), K4 -; 1
100 _aVachandev Kumar Au.
_9678117
245 0 _aTulsi Ke Bhaktatmak Geet
260 _aNew Delhi
_bHindi Sahitya Sansar India
_c1964
300 _a320
_ccm.
942 _hO152,1J34:g(Q2:4196), K4 -; 1
_cTEXL
_2CC
999 _c1118140
_d1118140